000 00331nam a22001337a 4500
020 _qHP.
040 _cFIZZA ISHAQ
082 _a005.133
_bPAR
100 _aKUCHANA, PARTHA.
_986974
245 _aSOFTWARE ARCHITECTURE DESIGN JAVA /
_cPARTHA KUCHANA.
260 _aNEW YORK :
_bCRC
_c2004.
300 _a492 P. ;
942 _2ddc
_cBK
999 _c587443
_d587443